| 000 | 00721nam a2200205Ia 4500 | ||
|---|---|---|---|
| 003 | GCL | ||
| 008 | 140319s9999 xx 000 0 ara d | ||
| 040 |
_aGCL / _cGCL |
||
| 082 | 0 | 4 |
_a953.071 _bح ف |
| 245 | 1 | 0 | _aفجرالاندلس - دراسة فىتاريخ الاندلس من الفتح الاسلامى الى قيام الدولة الاموية (756-711 م |
| 260 |
_a[S.N] : _bالشركة العربية للطباعة والنشر ، _c1956 |
||
| 300 | _a734 ص | ||
| 490 | _a | ||
| 650 | 0 | 4 | _aالفتوحات الاسلامية |
| 650 | 0 | 4 | _aالتاريخ الاسلامى |
| 650 | 0 | 4 | _aالتاريخ |
| 650 | 0 | 4 | _aالدولة الاموية |
| 650 | 0 | 4 | _aفتح الاندلس |
| 942 |
_2ddc _cBK |
||
| 999 |
_c58646 _d58646 |
||